Lieder [von Johannes Brahms] /
Uloženo v:
| Hlavní autor: | |
|---|---|
| Další autoři: | , , , , , , , |
| Médium: | Zvuková nahrávka |
| Jazyk: | German |
| Vydáno: |
Hamburgo, Alemania :
Deutsche Grammophon,
1990, c1990
|
| Edice: | (Numerique)
|
| Témata: | |
| Tagy: |
Žádné tagy, Buďte první, kdo vytvoří štítek k tomuto záznamu!
|
MARC
| LEADER | 00000njm^a2200000^a^4500 | ||
|---|---|---|---|
| 001 | 000301533 | ||
| 005 | 20251020000000.0 | ||
| 009 | 20260310112548.15 | ||
| 037 | |a Acervo ITESO - Biblioteca | ||
| 041 | |a SON | ||
| 041 | |a ALE | ||
| 082 | |a 784. 07 |b BRA JOH | ||
| 100 | |a Brahms, Johannes |e (música) | ||
| 240 | 1 | 1 | |a [Canciones gitanas, de Johannes Brahms] |
| 240 | 1 | 1 | |a [Zwei Gesänge] |
| 245 | 1 | 0 | |a Lieder [von Johannes Brahms] / |c Música de J. Brahms ; texto de C. Brentano... [et al.] ; mezzsoprano A.S. von Otter ; piano B. Forsberg ; viola N.E. Sparf ; texto del folleto de K. Schumann, D. Sohet, G. Pestelli ; tr. por John Coombs. |
| 264 | 4 | |a Hamburgo, Alemania : |b Deutsche Grammophon, |c 1990, c1990 | |
| 300 | |a 1 disco compacto sonoro (61 min.) + |e 1 folleto (32 p.) | ||
| 336 | |a música interpretada |b prm |2 rdacontenido | ||
| 337 | |a audio |b s |2 rdamedio | ||
| 338 | |a disco sonoro |b sd |2 rdasoporte | ||
| 440 | 1 | |a (Numerique) | |
| 545 | 0 | |a Johannes Brahms (Hamburgo, 1833 - Viena, 1897) inicialmente estudió violín, cello y corno con su padre y, posteriormente, piano con Otto Cossel y composición con Eduardo Marxen. Fue músico en la corte del Príncipe Lippe y después director de la Academica de Música de Viena. La crítica habla de una magistral conjugación de las tradiciones clásica y romántica en su obra e incluso ha llegado a calificarlo como el sucesor de Beethoven. Con un estilo intimista, exaltado y vigoroso, en sus creaciones la armonía y el cromatismo están estrictamente al servicio de la estructura interna. Sus lieder son marcadamente emotivos y expresivos. Autor de 4 sinfonías, 2 conciertos de piano, 1 concierto de violín, 2 serenatas, el Réquiem alemán (dedicado a su madre y a Schumann), las Danzas húngaras, el Canto del triunfo, música de cámara, 3 sonatas, variaciones (Handel, Paganini, Haydn), 1 rapsodia, numerosas canciones, entre otros | |
| 546 | |a Edición multilingüe (folleto) | ||
| 649 | |a XX | ||
| 650 | |a Músicos Alemanes | ||
| 650 | |a Artistas Alemanes | ||
| 650 | |a Lied - |x Tema Principal | ||
| 650 | |a Lied - |z Alemania | ||
| 650 | |a Música Vocal - |z Alemania | ||
| 650 | |a Música Romántica - |z Alemania | ||
| 650 | |a Música de Concierto - |z Alemania | ||
| 650 | |a Música Alemana - |y Siglo XIX | ||
| 740 | 0 | |a Zigeunerlieder Op. 103 / |c Música de J. Brahms ; texto de C. Brentano... [et al.] ; mezzsoprano A.S. von Otter ; piano B. Forsberg ; texto del folleto de K. Schumann, D. Sohet, G. Pestelli ; tr. por John Coombs. | |
| 740 | 0 | |a Zwei Gesänge Op. 91 / |c Música de J. Brahms ; texto de F. Rückert... [et al.] ; mezzsoprano A.S. von Otter ; piano B. Forsberg ; viola N.E. Sparf ; texto del folleto de K. Schumann, D. Sohet, G. Pestelli ; tr. por John Coombs. | |
| 700 | |a Brentano, Clemens |e (texto) | ||
| 700 | |a Rückert, Friedrich |e (texto) | ||
| 700 | |a Otter, Anne Sofie von |e (voz) | ||
| 700 | |a Forsberg, Bengt |e (ejecución musical) | ||
| 700 | |a Sparf, Nils-Erik |e (ejecución musical) | ||
| 700 | |a Schumann, Karl |e (texto del folleto) | ||
| 700 | |a Sohet, Dominique |e (texto del folleto) | ||
| 700 | |a Pestelli, Giorgio |e (texto del folleto) | ||
| 910 | |a Fondo General | ||
| 920 | |a Sonoros - CDs | ||
| 940 | |a CDs de Música | ||
| 905 | |a 401 | ||
| 901 | |a 0500187601 |b IT2 |c CDM |i C94096 |u 20250521 | ||
| 901 | |a 0500187600 |b IT2 |c MIM |i C94096 |u 20251020 | ||
| 902 | |a https://opac.biblio.iteso.mx/vufind/Record/000301533 | ||